MARC

LEADER 00000nam0a2200000 4500
001 366683
005 20231102011915.0
035 |a (RuTPU)RU\TPU\retro\24046 
090 |a 366683 
100 |a 20220215d1979 m y0rusy50 ca 
101 0 |a rus 
102 |a RU 
105 |a a j 001zy 
200 1 |a Теория нелинейных сервомеханизмов  |e учебное пособие  |f В. В. Петров, А. А. Гордеев  |g Московский авиационный институт 
210 |a Москва  |c Изд-во МАИ  |d 1979 
215 |a 68 с.  |c ил. 
320 |a Библиогр.: с. 66 
606 1 |a Сервомеханизмы  |2 stltpush  |3 (RuTPU)RU\TPU\subj\54650  |9 72761 
610 1 |a учебные пособия 
610 1 |a дифференциальные уравнения 
610 1 |a нелинейные уравнения 
610 1 |a уравнения движения 
610 1 |a редуцирование 
610 1 |a вынужденные движения 
610 1 |a уравнения второго порядка 
610 1 |a уравнения высших порядков 
675 |a 681.58(075.8)  |v 4 
700 1 |a Петров  |b В. В.  |g Вячеслав Вячеславович 
701 1 |a Гордеев  |b А. А.  |g Анатолий Александрович 
712 0 2 |a Московский авиационный институт  |c (1930- )  |2 stltpush  |3 (RuTPU)RU\TPU\col\3642  |9 23867 
801 1 |a RU  |b 63413507  |c 20220215 
942 |c BK